000 00221nam a2200097Ia 4500
008 240331s9999 xx 000 0 und d
082 _bKES
100 _aKesavan, K
245 0 _aDravida lyakkamum molik kolkaiyum
942 _cL
999 _c2370
_d2370